000
00298nam a2200145Ia 4500
650
_a
Projects
942
_c
BK
366
_f
20
654
_a
projects
245
_a
Make:Easy 1+2+3 projects from the pages
260
_b
SPD
_c
2015
300
_a
149
546
_a
ENGLISH
_c
Computers
999
_c
26985
_d
26985